000 00618nam a2200217Ia 4500
005 20230411114042.0
008 131103s9999 xx 000 0 und d
040 _aLoreto College
041 _aEnglish
082 _a338.9
_bJHI
100 _aJhingan,M.L.
245 4 _aThe Economics of development and planning
_cM.L.Jhingan
250 _a24th rev. ed.
260 _aDelhi
_bKonark Publishers Pvt Ltd
_c1991
300 _axviii, 910 p.
_b ill., fig.
504 _aIncludes bibliographical references
650 _aEconomics
651 _aEconomics - Planning and Development
850 _aLCLIB
942 _cBK
999 _c3050
_d53529